| 000 | 00692nam a2200205Ii 4500 | ||
|---|---|---|---|
| 003 | JO-AjNU | ||
| 008 | 230606s9999||||xx |||||||||||||| ||und|| | ||
| 020 | _a0-471-94409-2 / 0-471-94411-4 | ||
| 040 |
_aJO-AjNU _beng _erda _cJO-AjNU |
||
| 041 | _aeng | ||
| 050 | 1 | 4 | _aHF5657.4 .M27 1994 |
| 100 | 3 |
_aMacintosh,Norman B, _eauthor _93399 |
|
| 245 | 0 | 0 | _aManagement Accounting and Control Systems: An Organizational and Behavioral Approach |
| 264 | 3 | 1 | _aChichester : John Wiley& Sons,1994 |
| 300 |
_a281p _b Includes indexes(p273-281) |
||
| 336 |
_atext _btxt _2rdacontent |
||
| 337 |
_aunmediated _bn _2rdamedia |
||
| 338 |
_avolume _bnc _2rdacarrier |
||
| 650 | 4 |
_aManagement Accounting _93400 |
|
| 999 |
_aE1775 _c1775 _d1775 |
||